Calidad de vida y los determinantes sociales de los estudiante universitarios / (Registro nro. 2715)

Detalles MARC
000 -LEADER
fixed length control field 02074nam a2200445 a 4500
008 - CAMPO DE CONTROL (LIBRO)
fixed length control field 180504e2018 ag |||fr|||| 001 0 spa d
020 ## - INTERNATIONAL STANDARD BOOK NUMBER
ISBN 9789874073471
041 ## - CODIGO DE IDIOMA
Código de idioma del texto/pista de sonido o título separado spa
092 ## - SIGNATURA TOPOGRAFICA DEWEY LOCAL
número de clasificación 158.1
libristica 13
sección COR
100 1# - ENTRADA PRINCIPAL--NOMBRE PERSONAL
Nombre personal Correa Rojas, Maria del Valle
Función Comp.
9 (RLIN) 3887
245 ## - TITULO PROPIAMENTE DICHO
Título Calidad de vida y los determinantes sociales de los estudiante universitarios /
Mención de responsabilidad y remanente de la transcripción de la portada María del Valle Correa Rojas
250 ## - MENCION DE EDICION
Mención de edición 1a ed.
260 ## - PIE DE IMPRENTA
Lugar de publicación, distribución, etc Salta:
Nombre de la editorial, distribuidor, etc Editorial Hanne;
Fecha de publicación 2018.
300 ## - DESCRIPCION FISICA
Extension 180 p.
Dimensiones 20x14cm
500 ## - NOTA GENERAL
Nota general Correa Rojas, M. del V. (2018). Calidad de vida y los determinantes sociales de los estudiantes universitarios. (1a ed.). Salta : Editorial Hanne.
590 ## - NOTAS LOCALES (RLIN)
Nota local Donaciòn de la Universidad Nacional de Salta, Facultad de Ciencias de la Salud, mayo 2018.
653 ## - TÉRMINO INDIZADO - PALABRAS CLAVES
Palabra clave Determinantes sociales, calidad de vida y la universidad.
653 ## - TÉRMINO INDIZADO - PALABRAS CLAVES
Palabra clave Determinantes sociales en los estudiantes universitarios
653 ## - TÉRMINO INDIZADO - PALABRAS CLAVES
Palabra clave La otra cara de los determinantes de los estudiantes universitarios: la mirada interna.
653 ## - TÉRMINO INDIZADO - PALABRAS CLAVES
Palabra clave Inequidad y alimentaciòn en estudiantes universitarios.
653 ## - TÉRMINO INDIZADO - PALABRAS CLAVES
Palabra clave Percepciòn de salud, alimentaciòn, imagen corporal y calidad de vida de los estudiantes universitarios.
653 ## - TÉRMINO INDIZADO - PALABRAS CLAVES
Palabra clave Bienestar subjetivo.
653 ## - TÉRMINO INDIZADO - PALABRAS CLAVES
Palabra clave Factores conductuales modificables para enfermedad cardiovascular presentes en ingresantes universitarios.
653 ## - TÉRMINO INDIZADO - PALABRAS CLAVES
Palabra clave Satisfacciòn con la calidad de vida a nivel paìs de los estudiantes universitarios.
653 ## - TÉRMINO INDIZADO - PALABRAS CLAVES
Palabra clave Politica e instituciones.
700 1# - ENTRADAS SECUNDARIAS - NOMBRE PERSONAL
Nombre personal Burgos, Mirta Josefina.
9 (RLIN) 3890
700 1# - ENTRADAS SECUNDARIAS - NOMBRE PERSONAL
Nombre personal De Naón, Lidia Elbirt.
9 (RLIN) 3900
700 1# - ENTRADAS SECUNDARIAS - NOMBRE PERSONAL
Nombre personal Goyechea, Julieta.
9 (RLIN) 3892
700 1# - ENTRADAS SECUNDARIAS - NOMBRE PERSONAL
Nombre personal Herrera, María del Carmen.
9 (RLIN) 3893
700 1# - ENTRADAS SECUNDARIAS - NOMBRE PERSONAL
Nombre personal Herrera, Mariela Liliana.
9 (RLIN) 3901
700 1# - ENTRADAS SECUNDARIAS - NOMBRE PERSONAL
Nombre personal Márquez, Romina.
9 (RLIN) 3895
700 1# - ENTRADAS SECUNDARIAS - NOMBRE PERSONAL
Nombre personal Mayorga, Meri.
9 (RLIN) 3902
700 1# - ENTRADAS SECUNDARIAS - NOMBRE PERSONAL
Nombre personal Méndez, Viviana.
9 (RLIN) 3896
700 1# - ENTRADAS SECUNDARIAS - NOMBRE PERSONAL
Nombre personal Morales, Sonia.
9 (RLIN) 3897
700 1# - ENTRADAS SECUNDARIAS - NOMBRE PERSONAL
Nombre personal Miguel, Nina Olivares.
9 (RLIN) 3903
700 1# - ENTRADAS SECUNDARIAS - NOMBRE PERSONAL
Nombre personal Poderti, Verónica.
9 (RLIN) 3894
700 1# - ENTRADAS SECUNDARIAS - NOMBRE PERSONAL
Nombre personal Tejerina, José.
9 (RLIN) 3898
700 1# - ENTRADAS SECUNDARIAS - NOMBRE PERSONAL
Nombre personal Yapura, Soledad.
9 (RLIN) 3899
942 ## - ADDED ENTRY ELEMENTS (KOHA)
Source of classification or shelving scheme Dewey Decimal Classification
Item type Libros
Existencias
Estado de retiro Existencia Fuente de clasificación Estado general No para prestamo Ubicación permanente ubicación actual Sala de ubicación Fecha de adquisición Fuente de adquisición Total Checkouts Número de clasificación Código de barras Date last seen Número de ejemplar Price effective from Koha tipo de elemento (item) Public note
    Dewey Decimal Classification     Biblioteca Medicina Biblioteca Medicina Circulación 04/05/2018 Donaciòn de la Universidad Nacional de Salta.   158.1 13 COR 4231 04/05/2018 Ej. 1 04/05/2018 Libros Donaciòn de la Universidad Nacional de Salta, Facultad de Ciencias de la Salud, mayo 2018.

UNIVERSIDAD NACIONAL DEL COMAHUE
Biblioteca de la Facultad de Ciencias Médicas
Sede Toschi: Los Arrayanes y Av. Toschi, Cipolletti  - Rio Negro
Sede Los Tordos:  Yrigoyen al 2211, Cipolletti - Rio Negro 

Teléfono: 0299 - 4774707 int 25
Contacto: biblioteca@facimed.uncoma.edu.ar
© 2011 - 2026